1 to 10 fast typing - Statistics

General Stats
  • This quiz has been taken 250 times
  • The average score is 10 of 10
Answer Stats
Hint Answer % Correct
1 1
100%
2 2
100%
3 3
98%
5 5
98%
7 7
98%
4 4
97%
6 6
97%
8 8
96%
9 9
96%
10 10
93%
No matching quizzes found
Score Distribution
Percent of People with Each Score
Percentile by Number Answered
Your Score History
You have not taken this quiz